Statistics for Clubs which have reached most Champions League finals

Click here to take the quiz!

General Stats

  • This quiz has been taken 45 times
    (21 since last reset)
  • The average score is 16 of 21

Answer Stats

Contested finalsWinnerRunner-upLast appearanceClub% Correct
11742007AC Milan
100%
151232017Real Madrid
100%
8532015Barcelona
95%
10552013Bayern Munich
95%
5322010FC Internazionale
95%
5322011Manchester United
95%
2112013Borussia Dortmund
89%
9272017Juventus
89%
3032016Atlético Madrid
84%
7522007Liverpool
84%
2112012Chelsea
79%
2201980Nottingham Forest
79%
2202004Porto
74%
2111993Olympique de Marseille
68%
6421996Ajax
63%
7251988Benfica
63%
2022001Valencia
58%
2111970Celtic
47%
2111983Hamburg
37%
2021959Stade de Reims
32%
2111989Steaua Bucharest
26%

Score Distribution

Percentile by Number Answered

Percent of People with Each Score

Your Score History

You have not taken this quiz since the last reset